000 01117nas1a22002531i 4500
001 rc\3030776
005 20260407072237.0
035 _a(NLR Aleph) 007171720
090 _a7352838
_c7352838
100 _a20110930b19631992|||y0rusy50 ca
101 0 _arus
102 _aRU
110 _aag
200 1 _aИзвестия Академии наук СССР
_iСерия химическая
210 _aМосква
_cИзд-во Акад. наук СССР
_d1963-1992
311 _aПОЛНОЕ ОПИСАНИЕ СМ.: Российская академия наук. Известия Академии наук. Серия химическая
440 0 _12001#$aИзвестия Академии наук$iСерия химическая
_171002$aРоссийская академия наук$3RU\NLR\AUTH\881057
_tИзвестия Академии наук
_aРоссийская академия наук
710 0 2 _aАН СССР
_3RU\NLR\AUTH\881046
_9272478
801 0 _aRU
_bNLR
_gpsbo
801 1 _aRU
_bELAR
_2rusmarc
852 _aNLR
_jП1/12
942 _cJOURNAL
980 _aRUSPER